Enantiomerek Elválasztása Kapilláris Technikákkal (GC, SFC és EKC)
Elmentve itt :
| Szerző: | |
|---|---|
| Dokumentumtípus: | Disszertáció |
| Megjelent: |
2002
|
| mtmt: | 3137710 |
| Online Access: | http://publicatio.bibl.u-szeged.hu/18300 |
| LEADER | 00583nta a2200169 i 4500 | ||
|---|---|---|---|
| 001 | publ18300 | ||
| 005 | 20200630170524.0 | ||
| 008 | 200225s2002 hu om 0|| zxx d | ||
| 024 | 7 | |a 3137710 |2 mtmt | |
| 040 | |a SZTE Publicatio Repozitórium |b hun | ||
| 041 | |a zxx | ||
| 100 | 1 | |a Juvancz Zoltán | |
| 245 | 1 | 0 | |a Enantiomerek Elválasztása Kapilláris Technikákkal (GC, SFC és EKC) |h [elektronikus dokumentum] / |c Juvancz Zoltán |
| 260 | |c 2002 | ||
| 300 | |a 139 | ||
| 502 | |a Disszertacio | ||
| 856 | 4 | 0 | |u http://publicatio.bibl.u-szeged.hu/18300/1/3137710%202002_juvancz_zoltan.pdf |z Dokumentum-elérés |